Rosa and the magic dream / (Record no. 770524)

MARC details
000 -LEADER
fixed length control field 00829nam a22002537b 4500
003 - CONTROL NUMBER IDENTIFIER
control field 3228
005 - DATE AND TIME OF LATEST TRANSACTION
control field 20260504105402.0
008 - FIXED-LENGTH DATA ELEMENTS--GENERAL INFORMATION
fixed length control field 241114b sa a|||j |||| 00| 1 eng d
020 ## - INTERNATIONAL STANDARD BOOK NUMBER
International Standard Book Number 9780007300334 (paperback)
040 ## - CATALOGING SOURCE
Language of cataloging eng
Transcribing agency 3228
Description conventions Resource Description and Access
Original cataloging agency MPL
041 ## - LANGUAGE CODE
Language code of sung or spoken text English
082 ## - DEWEY DECIMAL CLASSIFICATION NUMBER
Classification number ETF BUSS
100 ## - MAIN ENTRY--PERSONAL NAME
Personal name Bussell, Darcey
Relator term Author
9 (RLIN) 106111
245 ## - TITLE STATEMENT
Title Rosa and the magic dream /
Statement of responsibility, etc. Darcey Bussell ; illustrated by Nellie Ryan
260 ## - PUBLICATION, DISTRIBUTION, ETC.
Place of publication, distribution, etc. London :
Name of publisher, distributor, etc. HarperCollins Children's Books ,
Date of publication, distribution, etc. ©2009,
-- 2009.
300 ## - PHYSICAL DESCRIPTION
Extent 94 pages ; 2 unnumbered pages :
Other physical details Illustrations ;
Dimensions 20 cm
490 ## - SERIES STATEMENT
Series statement Magic Ballerina
Volume/sequential designation 11
650 #0 - SUBJECT ADDED ENTRY--TOPICAL TERM
9 (RLIN) 199077
Topical term or geographic name entry element Ballet
655 #0 - INDEX TERM--GENRE/FORM
9 (RLIN) 188476
Genre/form data or focus term Youth Fiction
655 #0 - INDEX TERM--GENRE/FORM
9 (RLIN) 188500
Genre/form data or focus term Girls Stories
655 #0 - INDEX TERM--GENRE/FORM
9 (RLIN) 186859
Genre/form data or focus term Fantasy fiction
700 ## - ADDED ENTRY--PERSONAL NAME
Personal name Ryan, Nellie
Relator term Illustrator
9 (RLIN) 190865
942 ## - ADDED ENTRY ELEMENTS
Source of classification or shelving scheme Dewey Decimal Classification
item type Books
-- 296
-- Phillipina Naude
Holdings
Withdrawn status Lost status Source of classification or shelving scheme Damaged status Not for loan Collection code Home library Current library Shelving location Date acquired Total Checkouts Full call number Barcode Date last seen Price effective from item type Public note
    Dewey Decimal Classification     Fiction KWAMHLANGA REGIONAL LIBRARY KWAMHLANGA PUBLIC LIBRARY Children's Area 14.11.2024   EJF BUSS 33228020871289 14.11.2024 14.11.2024 Book  
    Dewey Decimal Classification     Fiction Klipfontein PL (MMID-PLEM-KLIP) Klipfontein PL (MMID-PLEM-KLIP) Children's Area 04.05.2026   ETF BUSS 33228022458432 04.05.2026 04.05.2026 Books 167565